Irrigation works constructed by the United States government /

Bibliographic Details
Main Author: Davis, Arthur Powell, 1861-1932
Format: Book
Language:English
Published: New York : J. Wiley, 1917.
Edition:1st ed.
Subjects:

MARC

Tag First Indicator Second Indicator Subfields
LEADER 00000cam a2200000 4500
001 in00000029532
005 20151007061541.0
008 761124s1917 nyuae 00010 eng
010 |a  17014071  
035 |a (OCoLC)02578335 
035 |9 AAD2406AM 
040 |a DLC  |c HDC  |d TXA  |d UtOrBLW 
049 |a TXAM  |c [27196] 
050 0 0 |a TC823.6  |b .D2 
092 |a 631.7  |b D2597i 
100 1 |a Davis, Arthur Powell,  |d 1861-1932. 
245 1 0 |a Irrigation works constructed by the United States government /  |c by Arthur Powell Davis ... 
250 |a 1st ed. 
264 1 |a New York :  |b J. Wiley,  |c 1917. 
300 |a xvi, 413 pages :  |b including frontispiece, illustrations :  |b double plan, diagrams ;  |c 24 cm. 
336 |a text  |b txt  |2 rdacontent 
337 |a unmediated  |b n  |2 rdamedia 
338 |a volume  |b nc  |2 rdacarrier 
650 0 |a Irrigation  |z West (U.S.) 
999 |a MARS 
999 f f |s 04b65ae5-e816-3ae9-b464-76afef68bd02  |i 5ef39fc2-70d3-3048-91b4-c1e3906026df  |t 0 
952 f f |p ric  |a Texas A&M University  |b Rellis Campus  |c Joint Library Facility  |d Remote Storage  |t 0  |e TC823.6 .D2  |h Library of Congress classification  |i unmediated -- volume  |m A14801068058 
998 f f |a TC823.6 .D2  |t 0  |l Remote Storage